| 000 | 00982nam a22002771a 4500 | ||
|---|---|---|---|
| 001 | 27599 | ||
| 003 | BD-RjUL | ||
| 005 | 20211209051157.0 | ||
| 008 | 140325s1958 nyua b 001 0 eng d | ||
| 035 | _a(BD-RjUL)27673 | ||
| 040 |
_aLC _beng _cLC _dVDU _d-RjUL |
||
| 041 | _aeng | ||
| 082 | 0 | 0 |
_a973.31 _bADP 1958 |
| 100 | 1 |
_aAdams, Randolph G. _q(Randolph Greenfield), _d1892-1951. _984755 |
|
| 245 | 1 | 0 |
_aPolitical ideas of the American Revolution : _bBritannic-American contributions to the problem of imperial organization, 1765 to 1775 / _cRandolph G. Adams. |
| 250 | _a3d ed., | ||
| 260 |
_aNew York : _bBarnes & Noble, _c1958. |
||
| 300 |
_avii, 216 p. : _bill. ; _c21 cm. |
||
| 504 | _aIncludes bibliographical references and index. | ||
| 651 | 0 |
_aUnited States _xHistory _yRevolution, 1775-1783 _xCauses. _971258 |
|
| 651 | 0 |
_aGreat Britain _xColonies _zAmerica. _984756 |
|
| 942 |
_2ddc _cBK |
||
| 999 |
_c27599 _d27599 |
||